[Event "Top 16 Groupe B"]
[Site "Chartres, France"]
[Date "2024.06.04"]
[Round "6.22"]
[White "Dionisi, Thomas"]
[Black "Vlachos, Anatole"]
[Result "0-1"]
[WhiteElo "2396"]
[BlackElo "2470"]
[PlyCount "122"]
[EventDate "2024.??.??"]

1. e4 {2} c6 {171} 2. Nc3 {29} d5 {3} 3. Nf3 {8} dxe4 {3} 4. Nxe4 {4} Nf6 {2}
5. Qe2 {35} Na6 {2} 6. Nxf6+ {320} gxf6 {2} 7. g3 {25} Nb4 {52} 8. d3 {76} Bg4
{4} 9. Bg2 {41} Qd5 {3} 10. Kd1 {404} e5 {4} 11. a3 {166} Na6 {1} 12. h3 {48}
Be6 {2} 13. Ke1 {801} O-O-O {6} 14. Kf1 {2} Qd7 {2} 15. b4 {1001} Nc7 {762} 16.
Bb2 {22} Nd5 {37} 17. Re1 {696} h5 {79} 18. h4 {323} c5 {336} 19. bxc5 {139}
Bxc5 {60} 20. Nd2 {20} Bg4 {533} 21. Qe4 {298} Nb6 {541} 22. Bc3 {282} Qc7 {775
} 23. Nc4 {324} Nd5 {102} 24. Ba5 {319} b6 {50} 25. Bd2 {190} Kb8 {528} 26. Bb4
{426} Bc8 {385} 27. Bxc5 {73} Qxc5 28. Kg1 {161} Rhg8 {199} 29. Ne3 {22} Nc7
30. Qb4 {40} Qxb4 {100} 31. axb4 Rd4 {5} 32. Rb1 {53} f5 {52} 33. Kh2 {28} Be6
{87} 34. Rhe1 {29} f6 {189} 35. Bh3 {34} f4 {16} 36. Bxe6 {28} Nxe6 {2} 37. Nf5
{7} Rd7 {17} 38. Rg1 {50} Rc8 {20} 39. Rb2 {36} Rdc7 {287} 40. c4 {29} Rd8 41.
Rb3 {115} Rcd7 {424} 42. g4 {332} hxg4 {28} 43. Rxg4 {9} Rh7 {735} 44. Rg6 {485
} Rf8 {41} 45. Kh3 {191} Rh5 {21} 46. Nh6 {428} Nd4 {128} 47. Rb1 {65} f5 {56}
48. Rg8 {369} Rxg8 {49} 49. Nxg8 {1} Nf3 {14} 50. Nf6 {55} Rh6 {7} 51. Nd5 {73}
Rxh4+ {198} 52. Kg2 Ng5 {169} 53. Rh1 {69} f3+ {17} 54. Kg1 {2} Rxh1+ {11} 55.
Kxh1 {1} Nh3 {65} 56. Kh2 {44} Nxf2 {4} 57. Kg3 {5} Nxd3 {3} 58. Kxf3 {21} a5 {
123} 59. Nxb6 {35} axb4 {30} 60. Na4 {46} b3 {39} 61. Ke3 {9} Nc5 {Kd4 48 29}
0-1

[Event "Top 16 Groupe B"]
[Site "Chartres, France"]
[Date "2024.06.04"]
[Round "6.23"]
[White "Kuhn, Clement"]
[Black "Fantinel, Thibault"]
[Result "0-1"]
[WhiteElo "2350"]
[BlackElo "2406"]
[PlyCount "138"]
[EventDate "2024.??.??"]

1. d4 {17} Nf6 {49} 2. c4 {39} d6 {119} 3. Nc3 {13} e5 {34} 4. Nf3 {253} Nbd7 {
47} 5. g3 {157} g6 {20} 6. Bg2 {3} Bg7 {3} 7. O-O {5} O-O {3} 8. e4 {96} Re8 {
118} 9. Re1 {30} exd4 {174} 10. Nxd4 {5} Nc5 {5} 11. h3 {451} h6 {117} 12. b3 {
241} a5 {336} 13. Bb2 {233} a4 {620} 14. b4 {835} a3 {140} 15. Bc1 {31} Ne6 {6}
16. Nxe6 {674} Bxe6 {104} 17. Be3 {293} Qd7 {955} 18. Qd2 {186} Bxh3 {580} 19.
Bxh6 {84} Re5 {77} 20. Bxg7 {95} Kxg7 {3} 21. f4 {159} Rh5 {197} 22. Bf3 {147}
Bg4 {19} 23. Bg2 {11} c6 {153} 24. Qd4 {235} Rah8 {210} 25. Kf2 {514} Bh3 {819}
26. Bf3 {44} Bg4 {5} 27. Bg2 {9} Be6 {4} 28. Rad1 {356} Qc8 {234} 29. Qxd6 {178
} Ng4+ {228} 30. Kg1 {39} Rh1+ {212} 31. Bxh1 {9} Rxh1+ {3} 32. Kg2 {28} Rh2+ {
35} 33. Kg1 {165} Rh1+ {146} 34. Kg2 {4} Rh2+ {2} 35. Kg1 {2} Qh8 {15} 36. Qd4+
{11} f6 {8} 37. Re2 {407} Rh1+ {381} 38. Kg2 Qh3+ {244} 39. Kf3 Rf1+ {66} 40.
Rxf1 {4} Qxf1+ {2} 41. Rf2 {7} Nxf2 {82} 42. Qxf2 {20} Qd3+ {177} 43. Qe3 {31}
Qf1+ {5} 44. Qf2 {5} Bg4+ {4} 45. Ke3 {7} Qxc4 {3} 46. Qd2 {697} Qxb4 {40} 47.
Qd4 {32} c5 {669} 48. Qd3 {20} b5 {57} 49. f5 {689} gxf5 {115} 50. Kf4 {122}
fxe4 {468} 51. Nxe4 {13} Be6 {477} 52. Qd6 {15} Qc4 {92} 53. Qe7+ {6} Kg8 {9}
54. Qd8+ {6} Kh7 {38} 55. Qe7+ {64} Bf7 {23} 56. Kf3 {104} Qf1+ {39} 57. Ke3 {
14} Kg6 {42} 58. g4 {63} Qg1+ {42} 59. Kf3 {73} Qd1+ {3} 60. Kg2 {758} Qxg4+ {
27} 61. Kh2 {17} Qf4+ {16} 62. Ng3 {28} Qh6+ {51} 63. Kg1 {16} Qc1+ {23} 64.
Kh2 {6} Qb2+ {10} 65. Kh3 {26} Qe5 {8} 66. Qd8 {12} Qe6+ {56} 67. Kh4 {22} Qc4+
{4} 68. Kh3 {8} Be6+ {4} 69. Kg2 {35} Qd5+ {5} 0-1

[Event "Top 16 Groupe B"]
[Site "Chartres, France"]
[Date "2024.06.04"]
[Round "6.24"]
[White "Monpeurt, Cyrielle"]
[Black "Aflalo, Sophie"]
[Result "0-1"]
[WhiteElo "2158"]
[BlackElo "2136"]
[PlyCount "78"]
[EventDate "2024.??.??"]

1. e4 {3} c5 {55} 2. Nc3 {11} e6 {160} 3. Nf3 {33} Nc6 {2} 4. d4 {20} cxd4 {2}
5. Nxd4 {8} Qc7 {5} 6. Qd3 {81} Nf6 {399} 7. Ndb5 {96} Qb8 {369} 8. Qg3 {49} d6
{637} 9. Be3 {53} Nh5 {1640} 10. Qh3 {1218} Nf6 {28} 11. Qg3 {181} Nh5 {14} 12.
Qh4 {190} Nf6 {97} 13. O-O-O {274} a6 {110} 14. Nd4 {17} Be7 {116} 15. Qg3 {227
} O-O {162} 16. f4 {257} Qc7 {62} 17. Bd3 {579} Bd7 {551} 18. e5 {591} dxe5 {
320} 19. Nxc6 {200} Bxc6 {3} 20. fxe5 {8} Nh5 {38} 21. Qh3 {76} Qxe5 {36} 22.
Rhe1 {86} g6 {432} 23. Bh6 {95} Qa5 {9} 24. g4 {508} Bg5+ {48} 25. Bxg5 {5}
Qxg5+ {4} 26. Kb1 {10} Nf4 {40} 27. Qg3 {127} Nxd3 {126} 28. Rxd3 {5} Rad8 {42}
29. Rde3 {40} b5 {50} 30. h4 {44} Qc5 {81} 31. h5 {215} Rd2 {106} 32. Rd3 {377}
Rg2 {83} 33. Qc7 {151} b4 {61} 34. Rd6 {330} bxc3 {149} 35. Qxc6 {146} Rg1 {68}
36. Rc1 {4} Rxc1+ {111} 37. Kxc1 {3} Qe3+ {27} 38. Kd1 {33} cxb2 {5} 39. Qb6 {
27} Qc1+ {8} 0-1

[Event "Top 16 Groupe B"]
[Site "Chartres, France"]
[Date "2024.06.04"]
[Round "6.25"]
[White "Bluebaum, Matthias"]
[Black "Aravindh, Chithambaram Vr"]
[Result "1/2-1/2"]
[WhiteElo "2647"]
[BlackElo "2670"]
[PlyCount "40"]
[EventDate "2024.??.??"]

1. d4 {3} d5 {10} 2. c4 {13} dxc4 {10} 3. Nf3 {120} Nf6 {10} 4. Qa4+ {36} c6 {
445} 5. Qxc4 {20} Bf5 {7} 6. g3 {105} e6 {5} 7. Bg2 {5} Be7 {62} 8. O-O {45}
Nbd7 {47} 9. Qb3 {115} Qb6 {186} 10. Nbd2 {13} Qxb3 {717} 11. axb3 {237} h6 {
229} 12. Nc4 {277} Be4 {70} 13. Bf4 {330} O-O {266} 14. Bd6 {703} Rfe8 {104}
15. Bxe7 {197} Rxe7 {4} 16. Nd6 {7} Bxf3 {912} 17. Bxf3 {16} Nb6 {18} 18. Nc4 {
399} Nxc4 {387} 19. bxc4 {143} e5 {4} 20. dxe5 {367} Nd7 {143} 1/2-1/2

[Event "Top 16 Groupe B"]
[Site "Chartres, France"]
[Date "2024.06.04"]
[Round "6.26"]
[White "Karthikeyan, Murali"]
[Black "Navara, David"]
[Result "1-0"]
[WhiteElo "2610"]
[BlackElo "2678"]
[PlyCount "93"]
[EventDate "2024.??.??"]

1. e4 {7} e5 {5} 2. Nf3 {7} Nc6 {5} 3. Nc3 {11} Nf6 {5} 4. Bb5 {18} Nd4 {8} 5.
O-O {19} Nxb5 {56} 6. Nxb5 {7} c6 {17} 7. Nc3 {6} d6 {6} 8. d4 {6} Qc7 {7} 9.
Bg5 {9} Be7 {13} 10. a4 {7} O-O {89} 11. h3 {46} Nh5 {851} 12. Qd2 {742} f6 {
767} 13. Be3 {98} g6 {313} 14. Rfd1 {138} Be6 {280} 15. a5 {210} Bf7 {535} 16.
Qe2 {246} b5 {733} 17. axb6 {116} axb6 {44} 18. d5 {151} f5 {785} 19. Rxa8 {670
} Rxa8 {4} 20. exf5 {313} gxf5 {9} 21. Ng5 {233} Bxg5 {141} 22. Bxg5 {14} c5 {
209} 23. Nb5 {253} Qd7 {11} 24. c4 {132} Bg6 {230} 25. Qe1 {414} f4 {261} 26.
Ra1 {75} Rxa1 {16} 27. Qxa1 {1} Ng7 {46} 28. Qa6 {672} Ne8 {232} 29. Qxb6 {110}
Qf5 {88} 30. Qd8 {148} Qb1+ {164} 31. Kh2 {46} Qf1 {68} 32. Bh4 {123} e4 {156}
33. Nxd6 {291} f3 {10} 34. gxf3 {8} exf3 {4} 35. Kg3 {7} Qg2+ {74} 36. Kf4 {20}
Qxh3 {93} 37. Bg3 {535} Qh6+ {175} 38. Ke5 {148} Qh5+ {34} 39. Ke6 {91} Qg4+ {
30} 40. Ke7 {18} Qg5+ {30} 41. Kd7 {2} Qxd8+ {436} 42. Kxd8 {32} Nf6 {12} 43.
Ke7 {59} Ng4 {25} 44. Nb7 {66} Nh6 {66} 45. d6 {91} Nf5+ {12} 46. Kf6 {6} Nxg3
{18} 47. d7 {5} 1-0

[Event "Top 16 Groupe B"]
[Site "Chartres, France"]
[Date "2024.06.04"]
[Round "6.27"]
[White "Nihal Sarin"]
[Black "Makkar, Rajat"]
[Result "1-0"]
[WhiteElo "2680"]
[BlackElo "2453"]
[PlyCount "51"]
[EventDate "2024.??.??"]

1. e4 {132} e5 {45} 2. Nf3 {6} Nc6 {10} 3. Bc4 {5} Nf6 {19} 4. d3 {7} Bc5 {9}
5. O-O {13} O-O {8} 6. h3 {53} d5 {78} 7. exd5 {78} Nxd5 {11} 8. Re1 {13} Nb6 {
400} 9. Bb3 {42} h6 {242} 10. Nc3 {148} Re8 {291} 11. Ne4 {51} Be7 {594} 12.
Bd2 {255} a5 {136} 13. a4 {124} Nd5 {175} 14. Bc4 {1540} Nb6 {385} 15. Bb5 {376
} Bd6 {73} 16. d4 {757} Bd7 {639} 17. Nxd6 {398} cxd6 {5} 18. dxe5 {14} Nxe5 {
211} 19. Nd4 {25} Nd5 {351} 20. Bxd7 {344} Qxd7 {82} 21. Nb3 {351} Nb6 {543}
22. Bc3 {43} Nc6 {247} 23. Rxe8+ {48} Rxe8 {22} 24. Nxa5 {36} Re4 {481} 25. b3
{203} Ne5 {286} 26. f3 {181} 1-0

[Event "Top 16 Groupe B"]
[Site "Chartres, France"]
[Date "2024.06.04"]
[Round "6.28"]
[White "Pranesh M"]
[Black "Sokolov, Andrei"]
[Result "1-0"]
[WhiteElo "2535"]
[BlackElo "2460"]
[PlyCount "121"]
[EventDate "2024.??.??"]

1. e4 {3} c5 {6} 2. Nf3 {20} e6 {45} 3. d4 {6} cxd4 {6} 4. Nxd4 {3} Nf6 {14} 5.
Nc3 {7} d6 {11} 6. g4 {5} h6 {12} 7. Rg1 {10} Nc6 {752} 8. Be3 {10} a6 {333} 9.
Nxc6 {51} bxc6 {12} 10. Qf3 {5} d5 {873} 11. O-O-O {1} Bb7 {82} 12. Bc4 {332}
Qc7 {1923} 13. Bb3 {319} Bd6 {190} 14. h4 {948} Be5 {57} 15. exd5 {993} cxd5 {
68} 16. Bd4 {185} Nd7 {775} 17. Ba4 {216} Bxd4 {613} 18. Bxd7+ {76} Qxd7 {6}
19. Rxd4 {4} Rc8 {181} 20. Qe3 {132} O-O {70} 21. g5 {23} h5 {11} 22. Ne4 {30}
Qc7 {20} 23. Nf6+ {31} Kh8 {8} 24. c3 {4} g6 {20} 25. f4 {49} Bc6 {68} 26. Qe5
{139} Qxe5 {35} 27. fxe5 {2} Kg7 {32} 28. b3 {67} Rb8 {69} 29. Rb4 {65} a5 {45}
30. Rxb8 {9} Rxb8 {5} 31. Rd1 {26} Kf8 {29} 32. Rd4 {23} Bb5 {60} 33. a4 {133}
Bc6 {11} 34. Kc2 {36} Ke7 {9} 35. c4 {9} Rc8 {74} 36. Kd2 {47} Rd8 {34} 37. Kc3
{154} Rc8 {12} 38. Kb2 {142} Rd8 {33} 39. Ka3 {12} Bb7 {55} 40. b4 {42} axb4+ {
21} 41. Kxb4 {1} Rc8 {1256} 42. a5 {357} Rb8 {324} 43. Kc5 {257} Rc8+ {89} 44.
Kb4 {2} Rb8 {8} 45. cxd5 {46} exd5 {66} 46. Kc5 {26} Ke6 {101} 47. Rb4 {9} Rc8+
{104} 48. Kd4 {10} Ba8 {61} 49. a6 {30} Rc1 {67} 50. Rb6+ {316} Kf5 {8} 51. Nd7
{24} Rc4+ {36} 52. Kd3 {6} Rxh4 {44} 53. Rf6+ {19} Kxg5 {5} 54. Nb6 {24} Rh1 {
36} 55. Nxa8 {6} h4 {12} 56. Rxf7 {253} h3 {10} 57. Rh7 {211} Ra1 {78} 58. Nc7
{14} Ra3+ {39} 59. Kd4 {6} Ra4+ {25} 60. Kc5 {12} d4 {32} 61. Rxh3 {9} 1-0

[Event "Top 16 Groupe B"]
[Site "Chartres, France"]
[Date "2024.06.04"]
[Round "6.29"]
[White "Edouard, Romain"]
[Black "Lamard, Guillaume"]
[Result "1/2-1/2"]
[WhiteElo "2528"]
[BlackElo "2500"]
[PlyCount "90"]
[EventDate "2024.??.??"]

1. c4 {4} e6 {11} 2. Nf3 {16} Nf6 {47} 3. d4 {10} d5 {9} 4. Nc3 {5} dxc4 {29}
5. e4 {6} b5 {5} 6. e5 {4} Nd5 {11} 7. Nxb5 {4} Nb6 {6} 8. Be2 {44} Nc6 {23} 9.
O-O {1963} Be7 {93} 10. Qd2 {130} Bb7 {238} 11. Rd1 {108} Qd7 {705} 12. Qf4 {34
} Nb4 {376} 13. Nc3 {121} h6 {370} 14. Qg3 {418} g5 {108} 15. a3 {639} N4d5 {
152} 16. Nd2 {98} Qc6 {1289} 17. Nxd5 {243} exd5 {46} 18. b3 {138} O-O-O {464}
19. Bb2 {38} f6 {55} 20. Rac1 {239} fxe5 {45} 21. bxc4 {8} dxc4 {440} 22. Nxc4
{418} Nxc4 {22} 23. Bxc4 {326} Qb6 {239} 24. Ba1 {140} exd4 {450} 25. Rb1 {42}
Qc6 {32} 26. Bb5 {369} Qe4 {305} 27. Bd3 {64} Qe6 {245} 28. Re1 {100} Qd7 {41}
29. Bc4 {113} Bd6 {51} 30. Qb3 {14} Qc6 {5} 31. Qh3+ {176} Kb8 {26} 32. Bb5 {10
} Qb6 {88} 33. Be2 {136} Rhe8 {112} 34. Rxb6 {16} axb6 {3} 35. Kf1 {114} Re4 {
266} 36. Bd3 {43} Rh4 {29} 37. Qe6 {7} Rf8 {33} 38. h3 {72} g4 {34} 39. hxg4 {
89} Bg3 {27} 40. Qe8+ {69} Rxe8 {14} 41. Rxe8+ {4} Ka7 {11} 42. Bxd4 {39} Rxg4
{170} 43. Bxb6+ {289} cxb6 {168} 44. fxg3 {1} Rxg3 {32} 45. Be4 {49} Bxe4 {162}
1/2-1/2

[Event "Top 16 Groupe B"]
[Site "Chartres, France"]
[Date "2024.06.04"]
[Round "6.30"]
[White "Defromont, Benjamin"]
[Black "Terrieux, Kevin"]
[Result "1/2-1/2"]
[WhiteElo "2393"]
[BlackElo "2409"]
[PlyCount "32"]
[EventDate "2024.??.??"]

1. e4 {4} c5 {11} 2. Nf3 {6} d6 {8} 3. d4 {687} cxd4 {17} 4. Nxd4 {2} Nf6 {11}
5. Nc3 {3} Nc6 {33} 6. Be3 {13} e5 {143} 7. Nxc6 {1073} bxc6 {9} 8. Bc4 {2} Be7
{229} 9. O-O {43} O-O {295} 10. Qd3 {26} Qc7 {1487} 11. Rad1 {304} Rd8 {30} 12.
Bb3 {556} Be6 {383} 13. Bg5 {414} Ne8 {619} 14. Bc1 {173} Nf6 {96} 15. Bg5 {379
} Ne8 {120} 16. Bc1 {25} Nf6 {26} 1/2-1/2

[Event "Top 16 Groupe B"]
[Site "Chartres, France"]
[Date "2024.06.04"]
[Round "6.31"]
[White "Rakotomaharo, Fy Antenaina"]
[Black "Bressac, Stephane"]
[Result "1-0"]
[WhiteElo "2448"]
[BlackElo "2277"]
[PlyCount "235"]
[EventDate "2024.??.??"]

1. d4 {9} Nf6 {54} 2. g3 {76} g6 {63} 3. Bg2 {6} Bg7 {15} 4. e4 {6} O-O {46} 5.
Ne2 {20} d6 {115} 6. O-O {32} e5 {60} 7. Nbc3 {21} c6 {95} 8. a4 {40} Nbd7 {218
} 9. h3 {75} h5 {589} 10. a5 {514} Rb8 {281} 11. Bg5 {33} Qc7 {242} 12. Kh1 {
1419} Re8 {507} 13. Qd2 {197} b5 {69} 14. axb6 {17} axb6 {7} 15. f4 {53} Nh7 {
451} 16. Bh4 {389} exd4 {94} 17. Nxd4 {9} b5 {14} 18. e5 {264} d5 {725} 19.
Nxc6 {309} Qxc6 {33} 20. Nxd5 {4} Bb7 {235} 21. Ne7+ {725} Rxe7 {6} 22. Bxc6 {
16} Bxc6+ {8} 23. Kh2 {6} g5 {52} 24. Ra6 {115} Bb7 {530} 25. Rd6 {106} Ndf8 {
42} 26. fxg5 {153} Ng6 {273} 27. e6 {133} fxe6 {322} 28. Rd7 {361} Rbe8 {163}
29. Rxe7 {417} Rxe7 {20} 30. Qb4 {193} Rc7 {172} 31. Rf2 {30} Nhf8 {79} 32.
Qxb5 {119} Bd4 {141} 33. Re2 {32} Bf3 {159} 34. c3 {140} Bxe2 {219} 35. Qxe2 {3
} Ba7 {80} 36. Qe1 {204} Rf7 {83} 37. g4 {43} hxg4 {96} 38. Bg3 {12} gxh3 {62}
39. b4 {65} e5 {66} 40. Qe4 {82} Kh7 {117} 41. Qc6 {288} Nf4 {445} 42. b5 {282}
Rd7 {81} 43. Bxf4 {432} exf4 {2} 44. b6 {7} Bb8 {3} 45. Qc8 {211} Rd2+ {165}
46. Kxh3 {4} Nd7 {6} 47. Qe8 {35} Kg7 {406} 48. Kg4 {174} f3 {261} 49. Qe7+ {
245} Kg6 {53} 50. Qe6+ {17} Kg7 {4} 51. Kxf3 {241} Ne5+ {80} 52. Ke3 {12} Rd3+
{320} 53. Ke4 {39} Rd1 {37} 54. Qh6+ {227} Kg8 {9} 55. Qh5 {13} Re1+ {82} 56.
Kd5 {9} Nf7 {38} 57. Qh3 {49} Kg7 {61} 58. Qc8 {83} Rd1+ {172} 59. Kc6 {71} Be5
{79} 60. b7 {46} Nd8+ {89} 61. Kc5 {19} Bd6+ {33} 62. Kc4 {7} Nf7 {28} 63. Kb3
{102} Rb1+ {38} 64. Ka2 {20} Rg1 {34} 65. b8=Q {46} Bxb8 {5} 66. Qxb8 {3} Rxg5
{3} 67. Qf4 {56} Kf8 {31} 68. Qf6 {11} Ke8 {6} 69. Qe6+ {4} Kf8 {4} 70. Kb3 {60
} Re5 {5} 71. Qf6 {3} Ke8 {20} 72. c4 {21} Re7 {8} 73. Qc6+ {16} Kd8 {24} 74.
c5 {48} Rc7 {18} 75. Qf6+ {7} Kc8 {18} 76. Qe6+ {7} Kb8 {27} 77. Qe8+ {6} Kb7 {
56} 78. Kb4 {10} Ng5 {174} 79. Kb5 {32} Nf7 {11} 80. Qe4+ {163} Kc8 {62} 81.
Qe6+ {27} Kd8 {44} 82. Kb6 {16} Re7 {13} 83. Qd5+ {8} Rd7 {16} 84. Qa8+ {21}
Ke7 {1} 85. Qe4+ {28} Kd8 {94} 86. c6 {44} Nd6 {21} 87. Qh4+ {43} Re7 {2} 88.
Qh8+ {49} Ne8 89. Qd4+ {32} Kc8 {5} 90. Qg4+ {14} Kb8 {51} 91. Qg3+ {51} Kc8 {8
} 92. Qh3+ {22} Kb8 {10} 93. Qa3 {16} Rf7 {100} 94. Qg3+ {7} Kc8 {27} 95. Qe5 {
7} Kd8 {80} 96. Qd5+ {81} Ke7 {13} 97. c7 {3} Rf6+ {42} 98. Kb7 {19} Nd6+ {24}
99. Qxd6+ {6} Rxd6 {30} 100. c8=Q {5} Kf6 {19} 101. Kc7 {26} Re6 {45} 102. Kd7
{12} Re4 {38} 103. Qh8+ {25} Kf5 {11} 104. Kd6 {9} Kf4 {39} 105. Kd5 {9} Re2 {
32} 106. Qh6+ {25} Kf3 {5} 107. Kd4 {5} Kg2 {26} 108. Kd3 {32} Rf2 {10} 109.
Qh4 {64} Rf8 {40} 110. Qg5+ {47} Kf1 {22} 111. Qh6 {88} Rf3+ {43} 112. Ke4 {4}
Rf2 {26} 113. Qh4 {60} Rf8 {23} 114. Qh5 {43} Kg2 {64} 115. Ke3 {5} Rf1 {25}
116. Qg4+ {12} Kh1 {20} 117. Ke2 {27} Ra1 {64} 118. Qe4+ {16} 1-0

[Event "Top 16 Groupe B"]
[Site "Chartres, France"]
[Date "2024.06.04"]
[Round "6.32"]
[White "Bensdorp-De Labaca, Marlies"]
[Black "Navrotescu, Andreea"]
[Result "1/2-1/2"]
[WhiteElo "2229"]
[BlackElo "2220"]
[PlyCount "72"]
[EventDate "2024.??.??"]

1. d4 {2} Nf6 {127} 2. c4 {5} e6 {3} 3. Nc3 {3} Bb4 {4} 4. Bd2 {4} O-O {173} 5.
Nf3 {40} c5 {61} 6. a3 {153} Bxc3 {20} 7. Bxc3 {9} Ne4 {83} 8. Rc1 {64} d6 {131
} 9. g3 {177} Nc6 {80} 10. Bg2 {86} Nxc3 {45} 11. Rxc3 {5} e5 {15} 12. dxc5 {
1071} dxc5 {10} 13. Qxd8 {288} Rxd8 {3} 14. Ng5 {9} Bd7 {539} 15. Bd5 {64} Be8
{13} 16. O-O {1261} Rac8 {257} 17. e3 {409} Ne7 {242} 18. e4 {293} h6 {162} 19.
Nf3 {26} Nc6 {22} 20. Re1 {19} Kf8 {390} 21. Bxc6 {643} Bxc6 {129} 22. Nxe5 {13
} Rd4 {15} 23. Nxc6 {532} Rxc6 {4} 24. Re2 {52} Re6 {332} 25. f3 {61} f5 {825}
26. e5 {28} f4 {1} 27. Kf2 {132} Kf7 {143} 28. b4 {214} cxb4 {467} 29. axb4 {5}
Rc6 {8} 30. gxf4 {226} Rxf4 {1} 31. Rec2 {24} Ke6 {28} 32. b5 {64} Rc7 {39} 33.
Ra2 {88} b6 {16} 34. Rac2 {175} Rc5 {308} 35. Ra2 {24} Rc7 {1} 36. Rac2 {6}
Kxe5 {5} 1/2-1/2

[Event "Top 16 Groupe B"]
[Site "Chartres, France"]
[Date "2024.06.05"]
[Round "7.1"]
[White "Aravindh, Chithambaram Vr"]
[Black "Gavrilescu, David"]
[Result "1-0"]
[WhiteElo "2670"]
[BlackElo "2538"]
[PlyCount "77"]
[EventDate "2024.??.??"]

1. Nf3 {4} d5 {27} 2. g3 {10} Nf6 {26} 3. Bg2 {8} e6 {17} 4. O-O {10} Be7 {22}
5. c4 {18} O-O {27} 6. b3 {32} b6 {76} 7. cxd5 {28} Nxd5 {194} 8. Bb2 {114} Bb7
{28} 9. d4 {14} Nd7 {48} 10. Re1 {24} N5f6 {22} 11. Nc3 {12} c5 {49} 12. e4 {25
} cxd4 {9} 13. Nxd4 {6} Bc5 {35} 14. h3 {1164} Qb8 {958} 15. Na4 {1000} Bb4 {
316} 16. Bc3 {42} Bxc3 {251} 17. Nxc3 {3} Rd8 {99} 18. Qe2 {55} Nc5 {429} 19.
Red1 {144} e5 {460} 20. Nf5 {183} g6 {213} 21. Ne7+ {390} Kg7 {100} 22. Ned5 {
101} Ne6 {172} 23. Qe3 {716} Nxd5 {462} 24. exd5 {13} Nd4 {5} 25. Rac1 {12} Nf5
{312} 26. Qe1 {37} f6 {283} 27. g4 {682} Nd6 {119} 28. g5 {20} Re8 {181} 29.
gxf6+ {424} Kxf6 {13} 30. Bf1 {112} Re7 {459} 31. f4 {225} Qe8 {168} 32. Nb5 {
287} Nxb5 {394} 33. Qh4+ {55} Kf7 {135} 34. Qxh7+ {44} Kf6 {5} 35. Qh4+ {25}
Kf7 {13} 36. fxe5 {170} Kg8 {330} 37. Bxb5 {37} Qxb5 {43} 38. Qxe7 {6} Qe2 {17}
39. Qe6+ {44} 1-0

[Event "Top 16 Groupe B"]
[Site "Chartres, France"]
[Date "2024.06.05"]
[Round "7.2"]
[White "Di Nicolantonio, Lucas"]
[Black "Karthikeyan, Murali"]
[Result "0-1"]
[WhiteElo "2406"]
[BlackElo "2610"]
[PlyCount "50"]
[EventDate "2024.??.??"]

1. Nf3 {6} d5 {29} 2. e3 {25} Nf6 {11} 3. c4 {14} e6 {6} 4. Nc3 {19} c5 {30} 5.
cxd5 {77} exd5 {6} 6. d4 {8} Nc6 {18} 7. Be2 {247} c4 {184} 8. O-O {135} Bb4 {
71} 9. Bd2 {1173} O-O {106} 10. Ne5 {225} Qe8 {400} 11. Nxc6 {1569} Qxc6 {25}
12. b3 {31} Bf5 {877} 13. bxc4 {257} dxc4 {26} 14. f3 {603} Rad8 {55} 15. Qe1 {
383} Rfe8 {328} 16. e4 {100} Rxd4 {1046} 17. exf5 {21} Nd5 {40} 18. Ne4 {738}
Rxd2 {426} 19. Nxd2 {4} Nf4 {53} 20. Rf2 {136} Qb6 {113} 21. Kf1 {214} Qd4 {291
} 22. Rd1 {61} Nd3 {24} 23. Nb3 {38} cxb3 {21} 24. Rxd3 {32} Qxd3 {17} 25. Qxb4
{5} Qb1+ {6} 0-1

[Event "Top 16 Groupe B"]
[Site "Chartres, France"]
[Date "2024.06.05"]
[Round "7.3"]
[White "Lamard, Guillaume"]
[Black "Nijboer, Friso"]
[Result "1-0"]
[WhiteElo "2500"]
[BlackElo "2471"]
[PlyCount "119"]
[EventDate "2024.??.??"]

1. d4 {2} f5 {7} 2. g3 {17} Nf6 {6} 3. Bg2 {5} g6 {6} 4. Nf3 {6} Bg7 {5} 5. c4
{4} O-O {10} 6. O-O {15} d6 {9} 7. Nc3 {5} c6 {4} 8. Qb3 {7} Kh8 {1740} 9. Bf4
{80} Na6 {483} 10. Rad1 {100} Qa5 {739} 11. Rfe1 {496} Qb4 {477} 12. Qxb4 {1072
} Nxb4 {29} 13. Rc1 {242} Bd7 {686} 14. a3 {124} Na6 {8} 15. e4 {158} fxe4 {38}
16. Nxe4 {14} Nh5 {41} 17. Be3 {369} Nc7 {261} 18. Nc3 {44} Nf6 {233} 19. h3 {
170} Be6 {108} 20. Nd2 {18} a5 {636} 21. d5 {135} cxd5 {353} 22. Bb6 {9} d4 {6}
23. Nb5 {169} Nxb5 {26} 24. Rxe6 {4} Na7 {136} 25. Bxd4 {554} Ng8 {6} 26. Bxg7+
{104} Kxg7 {1} 27. c5 {12} Rac8 {13} 28. Bxb7 {24} Rc7 {3} 29. c6 {118} Nxc6 {
157} 30. Bxc6 {13} Rfc8 {6} 31. Nb3 {26} Rxc6 {4} 32. Rxc6 {8} Rxc6 {3} 33.
Nxa5 {7} Rc1+ {43} 34. Kg2 {4} Kf7 {2} 35. Re3 {62} Nf6 {4} 36. b4 {185} Nd5 {
29} 37. Rd3 {35} Nb6 {7} 38. Nb3 {76} Rc2 {53} 39. Rf3+ {154} Ke8 {5} 40. Nd4 {
17} Ra2 {6} 41. h4 {258} Nc4 {537} 42. Rc3 {156} d5 {151} 43. Ne6 {713} Kd7 {
172} 44. Nf8+ {28} Kd6 {4} 45. Nxh7 {16} e5 {7} 46. Ng5 {62} Nxa3 {18} 47. g4 {
348} Nc4 {297} 48. h5 {63} gxh5 {29} 49. gxh5 {4} Ke7 {98} 50. Rf3 {618} Ra6 {
27} 51. Rf7+ {7} Ke8 {8} 52. b5 {397} Rh6 {663} 53. Rh7 {6} Rxh7 {11} 54. Nxh7
{4} Nd6 {6} 55. b6 {279} Kd7 {6} 56. Ng5 {243} Kc6 {101} 57. h6 {61} Nf5 {6}
58. h7 {20} Nh4+ {3} 59. Kg3 {26} Ng6 {3} 60. Kg4 {80} 1-0

[Event "Top 16 Groupe B"]
[Site "Chartres, France"]
[Date "2024.06.05"]
[Round "7.4"]
[White "Miron, Lucian-Costin"]
[Black "Pranesh M"]
[Result "1/2-1/2"]
[WhiteElo "2479"]
[BlackElo "2535"]
[PlyCount "70"]
[EventDate "2024.??.??"]

1. e4 {2} e5 {5} 2. Nf3 {4} Nc6 {5} 3. Bb5 {4} a6 {6} 4. Ba4 {4} Nf6 {18} 5.
O-O {21} Bc5 {11} 6. c3 {107} O-O {5} 7. d4 {13} Ba7 {4} 8. Bg5 {126} h6 {15}
9. Bh4 {87} exd4 {6} 10. Re1 {405} b5 {19} 11. Bb3 {236} d6 {15} 12. Bd5 {174}
Bd7 {9} 13. cxd4 {112} g5 {8} 14. Bxc6 {43} Bxc6 {4} 15. Qc1 {13} Bd7 {5} 16.
Nxg5 {18} hxg5 {5} 17. Qxg5+ {8} Kh7 {3} 18. d5 {10} Rb8 {466} 19. Nc3 {408}
Bd4 {1808} 20. Qd2 {406} Be5 {359} 21. f4 {229} Bxc3 {118} 22. Qxc3 {34} Nxe4 {
31} 23. Bxd8 {103} Nxc3 {4} 24. Bxc7 {7} Nxd5 {153} 25. Bxd6 {144} Be6 {92} 26.
Rad1 {361} Nxf4 {48} 27. Bxf4 {58} Rbc8 {15} 28. a3 {888} Rc2 {174} 29. Be5 {
269} Rg8 {184} 30. g3 {97} a5 {141} 31. Rc1 {949} Rgc8 {55} 32. Bc3 {14} Rxc1 {
18} 33. Rxc1 {4} b4 {28} 34. axb4 {5} axb4 {3} 35. Bd2 {5} Rxc1+ {23} 1/2-1/2